Historia universal de la Medicina / (Record no. 88271)
[ view plain ]
| 000 -LEADER | |
|---|---|
| campo de control de longitud fija | 00725nam a2200181 i 4500 |
| 001 - NÚMERO DE CONTROL | |
| campo de control | 88271 |
| 003 - IDENTIFICADOR DE NÚMERO DE CONTROL | |
| campo de control | ES-MaACL |
| 005 - FECHA Y HORA DE LA ÚLTIMA TRANSACCIÓN | |
| campo de control | 20230906175829.0 |
| 007 - CAMPO FIJO DE DESCRIPCIÓN FÍSICA--INFORMACIÓN GENERAL | |
| campo de control de longitud fija | t| |
| 008 - DATOS DE LONGITUD FIJA--INFORMACIÓN GENERAL | |
| campo de control de longitud fija | 050103m19721980sp ||||1| spa d |
| 100 1# - ENTRADA PRINCIPAL--NOMBRE DE PERSONA | |
| Nombre de persona | Laín Entralgo, Pedro, |
| Fechas asociadas al nombre | 1908-2001 |
| 9 (RLIN) | 69681 |
| 245 10 - MENCIÓN DEL TÍTULO | |
| Título | Historia universal de la Medicina / |
| Mención de responsabilidad, etc. | dirigida por Pedro Laín Entralgo. |
| 260 ## - PUBLICACIÓN, DISTRIBUCIÓN, ETC. | |
| Lugar de publicación, distribución, etc. | Barcelona, etc. : |
| Nombre del editor, distribuidor, etc. | Salvat, |
| Fecha de publicación, distribución, etc. | 1972-1980. |
| 300 ## - DESCRIPCIÓN FÍSICA | |
| Extensión | 7 v. : |
| Otras características físicas | il. ; |
| Dimensiones | 30 cm. |
| 505 8# - NOTA DE CONTENIDO CON FORMATO | |
| Nota de contenido con formato | Contiene: T. I: Era pretécnica. -- T. II: Antigüedad Clásica. -- T. III: Edad Media. -- T. IV: Medicina moderna. -- T. V: Ilustración y romanticismo. -- T. VI: Positivismo. T. VII: Medicina actual |
| 852 ## - LOCALIZACIÓN | |
| Ubicación | ES-MaACL |
| Número de control de estantería | L-6683-89 |
| Sublocalización o colección | R.80867 |
| Estatus retirado | Estado de pérdida | Estado de daño | No para préstamo | Biblioteca de origen | Biblioteca actual | Ubicación en estantería | Fecha de adquisición | Fuente de adquisición | Total de préstamos | Signatura topográfica completa | Código de barras | Visto por última vez | Precio de reemplazo | Tipo de ítem Koha |
|---|---|---|---|---|---|---|---|---|---|---|---|---|---|---|
| Biblioteca del Ateneo de Madrid | Biblioteca del Ateneo de Madrid | Depósito 2 | 17/01/2008 | L-6683-89 | 1092208 | 23/02/2023 | 23/02/2023 | Libro impreso |
